| Record ID | marc_records_scriblio_net/part11.dat:23537437:671 |
| Source | Scriblio |
| Download Link | /show-records/marc_records_scriblio_net/part11.dat:23537437:671?format=raw |
LEADER: 00671cam 2200193 i 4500
001 78342382 //r85
003 DLC
005 19850423000000.0
008 780323s1976 pe b f00110 spa
010 $a 78342382 //r85
043 $as-pe---
050 0 $aLAW
100 10 $aBacacorzo, Gustavo.
245 10 $aDerecho de remuneraciones del Perú :$brégimen laboral-administrativo /$cGustavo Bacacorzo.
260 0 $aLima :$bUniversidad Nacional Mayor de San Marcos, Dirección Universitaria de Biblioteca y Publicaciones,$c1976.
300 $axxiv, 198 p. ;$c25 cm.
504 $aBibliography: p. [175]-177.
500 $aIncludes index.
650 0 $aWages$xLaw and legislation$zPeru.